Hospodářské právo Informační měsíčník

Enregistré dans:
Détails bibliographiques
Format: Publication en série
Langue:tchèque
Publié: Praha Ústav hospodárskeho práva 1967
Sujets:
Tags: Ajouter un tag
Pas de tags, Soyez le premier à ajouter un tag!

MARC

LEADER 00000nas2a2200000 4500
001 0015573
005 20200722092403.6
041 0 |a cze 
044 |a CZ 
245 1 0 |a Hospodářské právo  |b Informační měsíčník 
264 1 |a Praha  |b Ústav hospodárskeho práva  |c 1967 
773 0 |w eu_un_cat*s120738 
610 2 0 |a právo hospodárske